| 000 | 01572cam a2200313 ia4500 | ||
|---|---|---|---|
| 003 | SA-RiAUC | ||
| 005 | 20250805033811.0 | ||
| 008 | 250804s1986 su g b 00100dara c | ||
| 040 |
_aSA-JeALM _bara _cSA-RiAUC _erda |
||
| 082 | 0 | 4 |
_a234 _qSA-RiAUC |
| 090 |
_a234 _bح س ي |
||
| 100 | 1 |
_aحسين، أبو لبابة _eمؤلف. |
|
| 245 | 1 | 0 |
_aأبو الوليد سليمان بن خلف الباجي وكتابه التعديل والتجريح لمن خرج له البخاري في الجامع الصحيح / _cأبو لبابة حسين. |
| 250 | _aالطبعة الأولى. | ||
| 264 | 1 |
_aالرياض : _bدار اللواء للنشر والتوزيع، _c1986. |
|
| 300 |
_a3 مجلد ؛ _c24 سم |
||
| 336 |
_aنص _btxt _2rdacontent _3كتاب |
||
| 337 |
_aبدون وسيط _bn _2rdamedia |
||
| 338 |
_aمجلد _bnc _2rdacarrier |
||
| 504 | _aببليوجرافية : صفحة 1309-1440. | ||
| 600 | 1 | 7 |
_aأبو الوليد الباجي، سليمان بن خلف بن سعد، _d403-474 هجري _2aucnm |
| 650 | 7 |
_aالحديث _xالجرح والتعديل _2aucsh |
|
| 650 | 7 |
_aالحديث _xتراجم الرواة _2aucsh |
|
| 650 | 7 |
_aالحديث _xالإسناد الصحيح _2aucsh |
|
| 650 | 7 |
_aالحديث _xمستخرجات _2aucsh |
|
| 700 | 1 | 2 |
_iشرح لـ : _aأبو الوليد الباجي، سليمان بن خلف بن سعد، _d403-474 هجري. _tكتاب التعديل والتجريح لمن خرج له البخاري في الجامع الصحيح |
| 942 |
_2ddc _cBOOK _n0 |
||
| 949 |
_aSA-JeALM _d250804 _uosman123 _n1 |
||
| 999 |
_c10522 _d10522 |
||